مكتبة جامعة عجلون الوطنية

فهرس بحث المكتبة

التقرير السنوي العشرون لحالة حقوق الإنسان في المملكة الأردنية الهاشمية لعام 2023 م (Record no. 33667)

MARC details
000 -LEADER
fixed length control field 00789nam a22001697a 4500
003 - CONTROL NUMBER IDENTIFIER
control field JO-AjAnu
005 - DATE AND TIME OF LATEST TRANSACTION
control field 20240917095935.0
008 - FIXED-LENGTH DATA ELEMENTS--GENERAL INFORMATION
fixed length control field 240909b jo ||||| |||| 00| 0 ara d
040 ## - CATALOGING SOURCE
Original cataloging agency JO-AjAnu
Language of cataloging ARA
Transcribing agency JO-AjAnu
041 ## - LANGUAGE CODE
Language code of original ARA
100 ## - MAIN ENTRY--PERSONAL NAME
Personal name المركز الوطني لحقوق الإنسان
Relator term معد
9 (RLIN) 66176
245 ## - TITLE STATEMENT
Title التقرير السنوي العشرون لحالة حقوق الإنسان في المملكة الأردنية الهاشمية لعام 2023 م
Statement of responsibility, etc. / اعداد المركز الوطني لحقوق الإنسان
260 ## - PUBLICATION, DISTRIBUTION, ETC.
Place of publication, distribution, etc. عمان :
Name of publisher, distributor, etc. المركز الوطني لحقوق الإنسان،
Date of publication, distribution, etc. 2024
300 ## - PHYSICAL DESCRIPTION
Extent 189 صفحة
650 #0 - SUBJECT ADDED ENTRY--TOPICAL TERM
Form subdivision الأردن-حقوق الانسان-التقرير السنوي العشرون-2023م
9 (RLIN) 66204
942 ## - ADDED ENTRY ELEMENTS (KOHA)
Source of classification or shelving scheme Library of Congress Classification
Koha item type Reference
Suppress in OPAC No
Holdings
Withdrawn status Lost status Source of classification or shelving scheme Damaged status Not for loan Home library Current library Date acquired Total Checkouts Full call number Barcode Date last seen Price effective from Koha item type
    Library of Congress Classification     مكتبة جامعة عجلون الوطنية مكتبة جامعة عجلون الوطنية 09/09/2024   JC599.J67.M37.2024 A30028 09/09/2024 09/09/2024 Reference